Podnikáte? Poistka sa vám môže hodiť
Poistenie podnikania. Výber poistného balíka. Poistenie strojov, prevádzky. Informácie o poistených rizikách a o sume poistenia. Poistenie škôd spôsobené iným. Vyplatenie sumy poisťovňou v prípade škody.
Guardado en:
| Autor principal: | |
|---|---|
| Formato: | Capítulo de libro |
| Lenguaje: | eslovaco |
| Materias: | |
| Etiquetas: |
Sin Etiquetas, Sea el primero en etiquetar este registro!
|
MARC
| LEADER | 00000naa$a2200000$$$4500 | ||
|---|---|---|---|
| 001 | 0053767 | ||
| 005 | 20231009072104.1 | ||
| 041 | 0 | |a slo | |
| 044 | |a SK | ||
| 245 | 1 | 0 | |a Podnikáte? Poistka sa vám môže hodiť |c Milan Chvojka |
| 520 | |a Poistenie podnikania. Výber poistného balíka. Poistenie strojov, prevádzky. Informácie o poistených rizikách a o sume poistenia. Poistenie škôd spôsobené iným. Vyplatenie sumy poisťovňou v prípade škody. | ||
| 610 | 2 | 0 | |a poistka |
| 610 | 2 | 0 | |a poistníci |
| 610 | 2 | 0 | |a poisťovne |
| 610 | 2 | 0 | |a podnikanie |
| 610 | 2 | 0 | |a škody |
| 610 | 2 | 0 | |a zodpovednosť za škody |
| 100 | 1 | |a Chvojka, Milan | |